000 00474nam a2200181Ia 4500
003 GCL
008 140319s9999 xx 000 0 eng d
040 _aGCL /
_cGCL
082 0 4 _a378.1
_bL T
100 1 _aLEWIS, ROLPH G.
245 1 0 _aTOTAL QUALITY IN HIGHER EDUCATION /
_cLEWIS, ROLPH G.
700 1 _aSMITH, DOUGLAS K
260 _a[S.N] :
_bDELRAY BEACH ،
_c1994
300 _a330
650 0 4 _aEDUCATION
650 0 4 _aTOTAL QUALITY MANAGEMENT
942 _2ddc
_cBK
999 _c25238
_d25238